[Event "FIDE-Wch k.o."]
[Site "Groningen"]
[Date "1997.12.11"]
[Round "2.1"]
[White "Milos, Gilberto"]
[Black "Kindermann, Stefan"]
[Result "1-0"]
[WhiteElo "2590"]
[BlackElo "2570"]
[Annotator "Atlas,V"]
[PlyCount "77"]
[EventDate "1997.12.09"]
[Source "ChessBase"]
[SourceDate "1998.03.26"]

1. e4 {Kortschnoj} 1... e6 2. d4 d5 3. Nc3 Bb4 4. e5 c5 5. a3 Bxc3+ 6. bxc3 Ne7
7. h4 Qa5 8. Bd2 cxd4 9. cxd4 Qa4 10. c3 {The most natural and at the same
time a very rare move! In this position White has a great bunch of different
options, and it is in order to outline them here:} (10. Qg4 Nf5 11. c3 Nc6 12.
Be2 b6 13. h5 Ba6 14. Bxa6 Qxa6 15. h6 gxh6 16. Qf4 Na5 17. g4 Ne7 18. Ne2 Rc8
19. Rxh6 { -  Kuczynski,R-Summermatter,D/Geneve-B 1988 (37)}) (10. Bc3 b6 11.
h5 h6 12. g4 Ba6 13. Bg2 Nbc6 14. Rh3 Rf8 15. Ne2 f5 16. exf6 {
-  Kuczynski,R-Matlak,M/POL-ch 1988 (35)}) (10. Bb4 Nbc6 11. c3 Qxd1+ 12. Kxd1
Bd7 13. h5 h6 14. Bd3 Nxb4 15. axb4 O-O 16. f4 a5 17. bxa5 Nc6 18. Nf3 Nxa5 19.
Kc2 Nc4 20. Kb3 Na5+ 21. Kb4 b6 22. Nd2 Ra7 23. Ra3 Rc8 24. Rha1 24... Rac7 {
-  Gavrikov,V-Farago,I/Texta 1988}) (10. h5 h6 11. Nf3 b6 12. Rh4 Ba6 13. Rg4
Rg8 14. Nh4 Bxf1 15. Kxf1 Nbc6 16. Kg1 Rc8 17. Rb1 Na5 18. Rf4 Nb7 19. Rb3 {
1-0 Wang Zili-Yu Shaoteng/Lee Cup 1995 (30)}) (10. Nf3 b6 11. Qb1 Ba6 12. Qb3
Qd7 13. Bxa6 Nxa6 14. a4 Rc8 15. O-O Qc6 16. Rfb1 O-O 17. Qd3 Nb8 18. Bb4 Rfe8
19. a5 h5 20. axb6 axb6 21. Ra7 Nf5 22. c3 Rc7 23. Rba1 Rec8 24. g3 Qd7 25.
Rxc7 Qxc7 26. Ng5 g6 27. Qb5 Nc6 28. Ra6 Nxb4 29. Qxb4 Qxc3 30. Qxc3 {
-  Ernst,T-Nijboer,F/Sonnevanck 1992 (40)}) (10. Ne2 Nbc6 11. Bc3 b6 12. Nf4
O-O 13. Nd3 Nb8 14. h5 h6 15. Bb4 Qd7 16. g4 Nbc6 17. c3 f6 18. exf6 Rxf6 19.
g5 hxg5 20. Qg4 Qc7 21. Bxe7 Nxe7 22. Rc1 e5 23. Qxg5 exd4 24. Rg1 Re6+ 25. Kd2
Nf5 26. Bh3 Nd6 27. Bxe6+ {1-0 Milos,G-Poldauf,D/Groningen op 1994 (52)  As
can be seen, Milos opts now for a less sharp continuation than in 1994. The
text move forces an intersting ending, in which White seems to have preferable
chances. Perhaps, Milos' conituation will become very popular in this line.}) (
10. Nf3 $14 {Kortschnoj}) 10... Qxd1+ 11. Rxd1 Nbc6 (11... b6 $142 {Kortschnoj}
12. a4 Ba6 13. Bb5+ 13... Nec6 $14) 12. h5 h6 13. Bd3 Bd7 14. Ne2 Na5 15. Rb1
b6 16. g4 Nc4 17. Bc1 Rc8 18. f3 {White is planning the pawn advance g4-g5.
The text move allows White after 19.Kf2 to effectively transfer his b1-rook to
the kingside.} (18. f4 {Kortschnoj} 18... f6 $14) 18... Rf8 (18... f6 {
Kortschnoj} 19. exf6 gxf6 20. Nf4 Kf7 21. Kf2 -- 22. Ng6 Nxg6 23. hxg6+ $16)
19. Kf2 19... Bc6 $6 {
After this move White seizes a dangerous initiative on the kingside.} (19... f6
20. exf6 20... Rxf6 $14 {was to be preferred.}) 20. g5 $1 20... hxg5 21. Bxg5
21... Nf5 $2 (21... Kd7 {
was a better choice. After the text move Black's position is critical.}) (21...
Nxa3 {Kortschnoj} 22. Ra1 Bb5 23. Rxa3 Bxd3 24. Rxa7 f6 25. -- 25... Rf7 $14)
22. Bxf5 $1 {This exchange proves very efficient here, since White is going to
explore the dark squares, and his light-squared bishop is not essential for
this operation.} 22... exf5 23. Rbg1 23... Rh8 (23... Nxa3 $2 {fails to} 24.
Bc1 Nc4 25. Rxg7 {
, and the passed h-pawn determines White's decisive advantage.}) 24. Bc1 Rh7
25. Nf4 Bb7 (25... Ke7 {Kortschnoj} 26. Rg5 $16) 26. h6 $1 {This excellent
move, vacating the h5-square for the white knight, yields White a decisive
advantage.} 26... gxh6 (26... g6 {is bad in view of} 27. e6 { Pg6} (27. Nh3 {
must also suffice})) (26... Rxh6 {Kortschnoj} 27. Nh5 Rxh5 28. Rxh5 g6 29. Rh7
$16) 27. Nh5 Ke7 28. Nf6 Rhh8 29. Rg7 {
White's powerful expansion on the kingside is does not leave Black any hope.}
29... Na5 30. Bxh6 Rxc3 31. Nh7 Rc2+ (31... Rxa3 32. Bg5+ Kd7 (32... Ke6 33.
Rh6+ $18) 33. Nf6+) 32. Kg3 Kd7 33. Rxf7+ Kc8 34. Bg7 $1 {
The simplest way. Black is entirely defenceless against the e-pawn march.}
34... Rd8 35. e6 35... Re2 36. e7 Re8 37. Be5 Kd7 (37... Bc6 {Kortschnoj} 38.
Nf6 $18) (37... Nc6 {Kortschnoj} 38. Rf8 Kd7 39. Nf6+ $18) 38. Nf6+ Ke6 39.
Rhh7 $1 1-0

[Event "Pamplona 9798 8th"]
[Site "Pamplona"]
[Date "1997.12.28"]
[Round "1"]
[White "Lutz, Christopher"]
[Black "Arizmendi Martinez, Julen Luis"]
[Result "1-0"]
[WhiteElo "2590"]
[BlackElo "2470"]
[Annotator "Atlas,V"]
[PlyCount "79"]
[EventDate "1997.12.28"]
[Source "ChessBase"]
[SourceDate "1998.03.26"]

1. e4 1... e6 2. d4 d5 3. Nc3 Bb4 4. e5 c5 5. a3 Bxc3+ 6. bxc3 Ne7 7. Qg4 Kf8
8. Bd2 Qc7 9. Bd3 (9. Rc1 Qa5 10. h4 Qxa3 11. h5 h6 12. Rh3 c4 13. Rf3 Nbc6 14.
Rf4 b5 15. Qf3 Nd8 16. g4 Ke8 17. Nh3 Rb8 18. g5 Nf5 19. Bg2 a5 20. gxh6 Nxh6
21. Qg3 Kf8 22. Rf3 Nc6 23. Ng5 Rb7 24. Bh3 Nd8 25. Qg1 Ng8 26. Bg4 {
1-0 Polgar,J-Nikolic,P/Linares14th 1997 (58)}) 9... Bd7 $6 ({
A new move, which is probably weaker than the standard} 9... b6 10. Nf3 Ba6 11.
dxc5 bxc5 12. Bxa6 Nxa6 13. c4 Qc6 14. cxd5 exd5 15. O-O h6 16. Rfe1 Qe6 17.
Qa4 Kg8 18. Rab1 Kh7 19. Qh4 Kg8 20. Rb7 Nf5 21. Qf4 21... Nb8 {
-  Timman,J-Nikolic,P/EU-chTM 1997 (38)}) 10. a4 $1 {An essential advance.
Otherwise after ...Ba4   c4 White has serious problems with his c-pawn.} 10...
c4 11. Be2 11... Qb6 $6 {
Provokes the dark-squared bishop transfer to the f8-a3 diagonal.} ({
Still, after} 11... Nbc6 12. Nf3 {White is clearly better.}) 12. Bc1 (12. Nf3
Qb2 13. Rc1 Bxa4 14. Bd1 {
yields White a good compensation, but the text move is much stronger.}) 12...
Qa5 13. Kd2 $1 {With the closed center, White has no reason to have seious
concerns about the security of his king on d2, whose centralized position
yields White good possibilities for a rapid mobilization of his forces.} 13...
Bxa4 14. Ba3 Nbc6 15. Nf3 Kg8 16. h4 b5 17. Bc5 (17. h5 {
would be a serious mistake in view of} 17... b4 18. cxb4 18... c3+ $1 (18...
Nxb4 $2 19. c3) 19. Kxc3 19... Nxb4 $1 20. Bxb4 $140 20... Rc8+ $19) 17... Rb8
({An untimely advance} 17... b4 18. cxb4 18... c3+ {
( 19.Kc3 Nb4!) is refuted by} 19. Kc1 $1 $18) ({Perhaps,} 17... h5 {
could offer have Black more defensive chances.}) 18. h5 h6 19. Ra2 $1 19... Kh7
({What happens after} 19... b4 20. Rha1 20... bxc3+ {?} {
Correct is King's fearless excelcior:} 21. Ke3 $1 (21. Kc1 {loses after} 21...
Qb5 22. Rxa4 Qb2+ 23. Kd1 Qb1+ 24. Rxb1 Rxb1#) (21. Ke1 {
admits an elegant refutation by} 21... Nb4 $1 22. Rxa4 Nxc2+ 23. Kf1 (23. Kd1
23... Nxa1 $1 24. Rxa5 Rb1#) 23... Qxa4 24. Rxa4 Rb1+ 25. Bd1 25... Ne3+ $3 26.
fxe3 c2 27. Bxe7 (27. Ne1 cxd1=Q 28. Qxd1 Rxd1 29. Bxe7 29... c3 $17) 27...
cxd1=Q+ 28. Kf2 Qxa4 29. Bf6 29... Rh7 $19) 21... Nf5+ 22. Kf4 f6 23. Rxa4
fxe5+ 24. Nxe5 Qc7 25. Rxa7 $1 $18) 20. Rha1 $1 {Doubling his rooks along the
a-file, White prevents a pawn advance b5-b4 and can then comfortably mobilize
his forces for attack on the kingside.} 20... Rhf8 21. Nh4 Qd8 22. f4 Qd7 23.
Rf1 {Planning 24. Qh3 followed by g2-g4 and f4-f5.} 23... f5 24. Qh3 (24. exf6
$2 24... Rxf6 { Rf8 would pass advantage to Black.}) 24... Rf7 25. g4 25...
fxg4 {Otherwise White could play 256.g5, with a very dangerous attack.} 26.
Bxg4 Nf5 27. Nxf5 exf5 28. Bf3 {Despite the extra pawn, Black is lost. He is
entirely defenseless against the attack along the g-file.} 28... Rd8 ({Or} 
28... Nd8 29. Bd6 $18) 29. Re1 Qe6 (29... Re8 {fails to} 30. Qg2 { Pd5}) 30.
Rg1 {Threatening 31.Rg6} 30... Ne7 31. Bxa7 Re8 32. Qg2 Qd7 33. Bb6 Qe6 34. Bc5
Rd8 35. Bb4 $1 {Cutting a way back for the black bishop. Now White can
comfrtably transfer his a2-rook to the kingside.} 35... Rd7 36. Raa1 Rd8 37.
Qh3 Rd7 38. Rg3 Rd8 39. Rag1 Kh8 40. Qg2 ({Black resigned in view of} 40. Qg2
40... Rg8 41. Bxe7 Qxe7 42. Bxd5) 1-0

[Event "CRO-ch 6th"]
[Site "Pula"]
[Date "1998.01.13"]
[Round "5"]
[White "Zelcic, Robert"]
[Black "Levacic, Patrick"]
[Result "1-0"]
[WhiteElo "2540"]
[BlackElo "2365"]
[Annotator "Finkel,A"]
[PlyCount "97"]
[EventDate "1998.01.09"]
[Source "ChessBase"]
[SourceDate "1998.06.02"]

1. e4 1... e6 2. d4 d5 3. Nc3 Bb4 4. Nge2 Ne7 5. a3 Ba5 6. Qd3 dxe4 (6... Nbc6
7. Be3 (7. Qg3 $6 7... O-O 8. Bg5 f6 9. Bh6 Rf7 10. O-O-O 10... dxe4 $17 {
Smajlovic,L-Paraminski,A/32nd ol (women), Yerevan ARM 1996/1-0 (55)}) 7... dxe4
8. Qxe4 Nd5 9. O-O-O O-O 10. Nxd5 $5 10... Qxd5 11. Qxd5 exd5 12. Nf4 $14 {
Shirazi-Benjamin/Las Vegas op/SW,13,11 1986 (48)}) 7. Qxe4 Nbc6 (7... Nf5 $5 8.
Bf4 Nd7 9. O-O-O Nf6 10. Qe5 $6 10... c6 11. h3 O-O 12. g4 12... Ne7 $132 {
Westerinen,H-Welin,T/Copenhagen op 1985 (33)}) 8. Bd2 8... b5 $5 (8... O-O 9.
O-O-O Nd5 10. h4 Nxc3 11. Bxc3 Qd5 12. Qxd5 exd5 13. Bxa5 Nxa5 14. Nf4 $14 {
Rausis,I-Whiteley,A/Capelle la Grande op 1991 (61)}) 9. O-O-O (9. g3 Rb8 10.
Bg2 Bb7 (10... b4 $6 11. axb4 Bxb4 12. O-O Bb7 13. Qg4 O-O 14. Be3 $14) 11. O-O
O-O 12. Qd3 b4 13. Ne4 bxa3 14. Rxa3 (14. Bxa5 $2 14... axb2 15. Ra2 Nxa5 16.
Rxa5 $6 16... Bxe4 $19) 14... Bb6 $132) (9. Nxb5 $2 9... Bxd2+ 10. Kxd2 Rb8 11.
c4 11... a6 $17) 9... Rb8 10. Nf4 {Very serious attention deserved} (10. d5 $5
10... exd5 (10... Bxc3 11. Bxc3 $5 11... exd5 12. Bxg7 $1 12... dxe4 13. Rxd8+
Nxd8 14. Bxh8 $14) 11. Nxd5 Qxd5 12. Qxd5 Nxd5 13. Bxa5 Nxa5 14. Rxd5 Be6 15.
Rc5 c6 16. Nd4 $14 {with better endgame.}) 10... Bxc3 $6 (10... Qxd4 $5 $13)
11. Bxc3 b4 12. axb4 Nxb4 13. Bxb4 Rxb4 14. c3 Rb6 15. d5 $1 $16 15... e5 {
Deciding to give up a pawn,but also after} (15... exd5 16. Nxd5 Rd6 (16... Re6
$2 17. Nf6+ $1 $18) 17. Bb5+ Kf8 18. Rhe1 $1 $40 {
white's advantage is nearly decisive.}) 16. Qxe5 O-O 17. Bd3 Ng6 18. Nxg6 fxg6
19. Rd2 Qd7 (19... Re8 20. Qd4 Bb7 21. Bc4 Rd6 22. Rhd1 $16) 20. Qd4 20... Ba6
$6 {Letting white to take controle over the e-file.Better was} (20... Re8) 21.
Re1 Rfb8 22. Rde2 $6 22... c5 $1 (22... Bxd3 $5 23. Qxd3 Qa4 24. Kb1 $1 (24.
Rd2 24... Rb3 $1 $132) 24... Ra6 25. Re8+ Rxe8 26. Rxe8+ Qxe8 27. Qxa6 Qe4+ 28.
Ka1 $1 $16) 23. Qe4 23... Qb7 $6 (23... Bxd3 $5 24. Qxd3 24... Qa4 $1 25. Kb1
$5 (25. Rd2 $6 25... Qa2 26. Qb1 (26. Ree2 $2 26... Rb3 $1 27. d6 Qa1+ 28. Qb1
28... Rxc3+ $1 $13) 26... Qc4 27. Qe4 Qa2 28. d6 Rxb2 29. Qe8+ Rxe8 30. Rxe8+
Kf7 31. Re7+ Kf6 32. Rxb2) (25. d6 $6 25... Qf4+) 25... Ra6 26. Re8+ Rxe8 27.
Rxe8+ Qxe8 28. Qxa6 Qe4+ 29. Kc1 $14) 24. Qf4 $1 24... Rf6 25. Bxa6 $1 {
Important intermideate move forcing the exchange of queens.} 25... Rxf4 26.
Bxb7 Rxb7 27. Re7 $1 $18 {The quickest way to win the game.} 27... Rxe7 28.
Rxe7 Rxf2 29. d6 29... Kf8 $8 30. Rxa7 Ke8 (30... Rxg2 $2 31. Ra8+ Kf7 32. d7
$18) 31. Rxg7 Rxg2 32. Rxh7 c4 33. Rh4 Rg1+ 34. Kc2 Rg2+ 35. Kb1 Kd7 36. h3 Rh2
37. Rg4 Kxd6 38. Rxg6+ Kc5 39. Rg3 Kb5 40. Ka2 Ka4 41. Rg4 Kb5 42. h4 Rh1 43.
Rg5+ $1 43... Ka4 44. Rh5 Rf1 45. Rh8 Rf5 46. Ra8+ Kb5 47. Rb8+ Kc6 48. Rh8 Kd5
49. h5 1-0

[Event "CRO-ch 6th"]
[Site "Pula"]
[Date "1998.01.15"]
[Round "7"]
[White "Zelcic, Robert"]
[Black "Zaja, Ivan"]
[Result "1-0"]
[WhiteElo "2540"]
[BlackElo "2450"]
[Annotator "Finkel,A"]
[PlyCount "53"]
[EventDate "1998.01.09"]
[Source "ChessBase"]
[SourceDate "1998.06.02"]

1. e4 1... e6 2. d4 d5 3. Nc3 Bb4 4. Nge2 b6 5. a3 Be7 (5... Bxc3+ $5 6. Nxc3
Ne7 7. Bd3 Ba6 8. Bxa6 Nxa6 9. Qe2 Nb8 10. Bg5 Nbc6 11. Bxe7 Nxe7 12. exd5 {
-  Pedersen,J-Sorensen,J/DEN t-ch 1996}) 6. Nf4 $5 (6. Ng3 $5 6... dxe4 7.
Ncxe4 Nf6 8. Be2 Nbd7 9. Bf3 Rb8 10. O-O O-O 11. Bf4 $14 {
Elsen,M-Peterson,E/RLPF-ch Pirmasens 1992 (30)}) (6. exd5 $5 6... exd5 7. Nf4
Nf6 8. Be3 O-O 9. h3 Bb7 10. Qf3 c6 11. g4 $36 {Hartmann,G-Short,N/BL 1987 (33)
}) (6. e5 $6 6... Ba6 7. Be3 c5 8. Qd2 Nc6 9. O-O-O Bxe2 10. Bxe2 c4 11. g4
11... Rb8 $40 {Mach,H-Moravcik,R/SVK-chT2 1995 (21)}) 6... dxe4 7. Nxe4 Bb7 8.
Qf3 $1 8... Bc6 $6 (8... Qxd4 $2 9. Nd6+ (9. Nf6+ $2 9... Nxf6 10. Qxb7 Qe4+
11. Qxe4 11... Nxe4 $17) 9... Bxd6 10. Qxb7 Bxf4 11. Qxa8 $18) (8... c6 $5 9.
Be3 Nf6 10. Bd3 Nbd7 11. Ng5 $5 $36) 9. Be3 Nf6 10. Nxf6+ Bxf6 11. Bb5 $1 $14 {
Very important move giving white the initiative.} 11... Qd7 (11... Bxb5 $6 12.
Qxa8 Bc6 13. Qxa7 O-O 14. Rd1 Qd6 15. O-O $16) 12. Bxc6 Qxc6 13. d5 $1 13...
Qb7 {The consequances of other moves are even more instructive:} (13... Qxc2 $6
14. dxe6 c6 (14... Qxb2 15. exf7+ Kxf7 16. Qd5+ Kf8 17. O-O $16) 15. Rc1 $6 (
15. Nh5 $1 15... Qxb2 16. Nxg7+ $1 16... Kf8 17. e7+ $1 17... Kxe7 (17... Bxe7
18. Ne6+ Ke8 19. Bd4 $18) 18. Nf5+ Kd7 19. Rd1+ Kc7 20. O-O $40) 15... Qxb2 16.
Rxc6 16... Bc3+ $13) (13... exd5 $6 14. O-O-O 14... Qb5 $6 15. Bd4 $1 15...
Bxd4 16. Rhe1+ $1 $18) 14. O-O-O e5 15. Nh5 Nd7 16. Bh6 $1 $16 (16. Qg3 O-O-O
17. Nxf6 gxf6 (17... Nxf6 18. Qxg7 Nxd5 19. Qxf7 Nxe3 20. fxe3 Qxg2 21. Qe6+
Kb8 22. Qxe5 $14) 18. Qg7 Rdf8 19. h4 $14) 16... Rg8 17. h4 O-O-O 18. Nxf6
18... Nxf6 $6 {Losing by force;more persistant was} (18... gxf6 19. h5 Kb8 20.
g3 $16) 19. Bxg7 $1 19... Rxg7 20. Qxf6 Rxg2 21. Qxf7 Qa6 22. Qe6+ Kb7 (22...
Kb8 23. d6 cxd6 24. Rxd6 Rc8 25. Qxe5 $18) 23. Qc6+ $1 23... Kc8 24. d6 $18
24... Qb7 (24... Rg7 25. Qa8+) 25. d7+ Kb8 26. Qf6 Rgg8 27. Rhg1 $1 1-0

[Event "RUS-Cup02"]
[Site "Moscow"]
[Date "1998.??.??"]
[Round "5"]
[White "Rosanov, Lev I"]
[Black "Spicha, K Alexander"]
[Result "1-0"]
[WhiteElo "2135"]
[BlackElo "2055"]
[Annotator "Finkel,A"]
[PlyCount "63"]
[EventDate "1998.01.21"]
[Source "ChessBase"]
[SourceDate "1998.03.26"]

1. e4 e6 2. Nc3 d5 3. d4 Bb4 4. Nge2 dxe4 5. a3 Bxc3+ 6. Nxc3 6... c5 $6 {
This move is a novelty and as shows the following game is not a very good one.
More popular continuations are:} (6... Nc6) (6... f5) 7. d5 $5 ({
Quiet promising was also} 7. dxc5 $5 7... Qxd1+ 8. Kxd1 Nf6 (8... f5 $6 9. Nb5
Kd7 10. Bc4 Ne7 11. Ke2 $16) 9. Bg5 Nbd7 10. Bb5 O-O 11. Bxd7 Nxd7 12. Nxe4 $14
) 7... exd5 (7... Nf6 $5 8. Bb5+ Bd7 (8... Nbd7 9. dxe6 fxe6 10. Qd6 Qe7 11.
Bf4 $36) 9. dxe6 fxe6 10. Bc4 O-O 11. O-O Nc6 12. Re1 $14) 8. Qxd5 $1 8... Nf6
(8... Qxd5 $6 9. Nxd5 Kd8 10. Bf4 Nc6 11. Nc7 Rb8 12. Nb5 Ra8 13. O-O-O+ Bd7
14. Nd6 $1 $16) 9. Bb5+ $5 9... Nbd7 10. Qxc5 Qe7 11. Qxe7+ Kxe7 12. Bg5 $1
12... h6 13. Nd5+ Kd6 14. Nxf6 Nxf6 (14... gxf6 15. Bf4+ (15. Be3 Ne5 16.
O-O-O+ Ke6 17. Rhe1 Rg8 18. g3 b6) 15... Kc5 16. Ba4 Ne5 17. O-O-O $16) 15.
O-O-O+ 15... Kc5 $6 ({Better was  brave} 15... Ke5 $5 16. Bxf6+ $5 (16. Be3 $5
$16) 16... Kxf6 $6 (16... gxf6 $1 17. Rhe1 Rg8 18. g3 f5 (18... Bg4 $2 19. f4+
$1 19... Ke6 20. Bd7+ Ke7 21. Bxg4 Rxg4 22. Rxe4+ Kf8 23. Rd7 $18) 19. Bd7 Rd8
20. Bxc8 Raxc8 21. Rxd8 Rxd8 22. Rd1 $1 $14 {with good defensive chances.}) 17.
Rd4 Bf5 18. Rhd1 Rhc8 19. Rd6+ $1 19... Ke7 20. R6d5 Kf6 21. Bd7 $1 $16) 16.
Bxf6 gxf6 (16... Kxb5 17. Bxg7 Rg8 18. Bxh6 Rxg2 19. Be3 $16) 17. Be2 $5 17...
Be6 18. b4+ Kc6 19. Rd4 f5 20. Rhd1 a5 21. b5+ Kc7 22. f3 exf3 (22... Rhg8 23.
g3 23... f4 $6 24. gxf4 e3 25. R4d3 Rg2 26. Rxe3 Rxh2 27. Rc3+ $18) 23. Bxf3
$16 23... Rac8 24. Kb2 Kb8 25. a4 25... b6 $2 {This move is loosing on the
spot,but black's position was not very promising in any case!} 26. Rd6 $1 $18
26... Ka7 27. Rd7+ $1 {
Using the fact that the black king is exposed white forces a win.} 27... Bxd7
28. Rxd7+ Kb8 29. Rb7+ Ka8 30. Rxb6+ Ka7 31. Rb7+ Ka8 32. b6 1-0

[Event "YUG-ch53"]
[Site "Belgrade "]
[Date "1998.03.18"]
[Round "5"]
[White "Markovic, Miroslav"]
[Black "Drasko, Milan"]
[Result "1-0"]
[WhiteElo "2540"]
[BlackElo "2515"]
[Annotator "Atlas,V"]
[PlyCount "51"]
[EventDate "1998.03.14"]
[Source "ChessBase"]
[SourceDate "1998.06.02"]

1. e4 1... e6 2. d4 d5 3. Nc3 Bb4 4. e5 Ne7 5. a3 Bxc3+ 6. bxc3 c5 7. h4 b6 8.
h5 h6 9. Bb5+ Bd7 10. Bd3 Qc7 11. Nf3 Nbc6 12. O-O O-O 13. Be3 ({
A popular alternative is} 13. Re1 {Now Black's standard reactions are:} 13...
f5 (13... f6 14. Bf4 fxe5 (14... cxd4 15. cxd4 Be8 16. exf6 Qxf4 17. fxe7 Rf6
18. Bb5 Nxe7 19. Bxe8 Rxe8 20. Qd3 {
0-1 Brunner,L-Kindermann,S/Altensteig 1992 (40)}) 15. Bxe5 Nxe5 16. Nxe5 cxd4
17. cxd4 17... Nf5 {1-0 Daly,C-Clarke,T/Dublin op 1991 (35)}) 14. exf6 Rxf6 15.
Ne5 cxd4 16. cxd4 Nxe5 17. dxe5 Rf7 18. a4 Raf8 19. Ba3 Be8 20. Qg4 20... Qd7 {
1-0 Kovalev,A-Priehoda,V/Katowice op 1990 (39)}) 13... cxd4 $6 {
A rare and rather dubious move. The standard continuation is} (13... c4 14. Be2
f6 15. exf6 Rxf6 16. g3 (16. Nh4 Nd8 17. g3 Nb7 18. Ng2 Nd6 19. Bf4 Ba4 20. Bg4
Qd7 21. Be5 21... Rf7 { -  Leyva,R-Pecorelli Garcia,H/CUB-ch 1993 (40)}) 16...
Raf8 17. Nh4 Be8 18. Qd2 Nc8 19. Ng2 19... Nd6 {
-  Dolmatov,S-Hertneck,G/Tilburg 1992 (80)}) 14. cxd4 Nf5 15. c4 $1 ({
An efficient pawn advancent, casting doubts on Black's concept. It  is
stronger than} 15. Bxf5 $6 15... exf5 16. c4 Be6) 15... dxc4 $6 (15... Nce7 16.
Rc1 16... Qb7 {
was to be preferred. After the text move White obtains very dangerous attack.})
16. Bxf5 exf5 17. Qc1 $1 (17. d5 $2 {fails to} 17... Nxe5 18. Bf4 (18. d6 Nxf3+
) 18... Nxf3+ {
The short queen move creates two very unpleasant threats:
18.Qc4 and 18.Bh6.})
17... Na5 ({Provoking the bishop sacrifice. After} 17... Kh7 18. Qxc4 {
d5 Black's position is unbearable,}) (17... Be6 18. Bxh6 gxh6 19. Qxh6 {
is also very dangerous for Black.}) 18. Bxh6 $1 18... gxh6 19. Qxh6 Qc6 20. Qf4
Be6 (20... Kh7 { Rg8 is strongly met by} 21. Ng5+) (20... Kh8 {
falls short after} 21. Rad1 { d5} 21... Be6 {loses in view of} 22. Qh6+ Kg8 23.
Ng5 Rfd8 24. Nh7 { Nf6#.}) 21. Rae1 $1 ({
Preparing rook transfer to the kingside through e3.} 21. Qg5+ $2 {
would be a serious mistake, since after} 21... Kh7 {
Rg8, Black fully consolidates his forces.}) 21... Kh7 (21... Kh8 {loses after}
22. Qh6+ Kg8 23. Ng5) 22. Ng5+ Kh8 23. Re3 Rg8 (23... Qd7 $5 24. Rg3 Nc6 25.
Nxe6 fxe6 26. d5 exd5 27. Rg6 $18) 24. Rg3 {
Threatening 25.Ne4 and 25.d5 followed by 26.e6} 24... Bd5 (24... Rg7 {
loses after} 25. Ne4 Bd5 26. Nf6 $18) (24... c3 {is easily refuted by} 25. Ne4
Bc4 (25... Rxg3 26. Qh6+ Kg8 27. Nf6#) 26. Nf6 $18) 25. e6 $1 {This elegant
pawn advance immediately decides the game. The threats 26.Nf7+ Kh7 28.Qh6# and
26.Qe5 are irresistible.} 25... Bxe6 26. Qe5+ 1-0

[Event "Dresden zt 1.2"]
[Site "Dresden"]
[Date "1998.05.01"]
[Round "4"]
[White "Lutz, Christopher"]
[Black "Uhlmann, Wolfgang"]
[Result "1-0"]
[WhiteElo "2595"]
[BlackElo "2495"]
[Annotator "Lutz,C"]
[PlyCount "109"]
[EventDate "1998.04.28"]
[Source "ChessBase"]
[SourceDate "2005.11.24"]

1. e4 e6 2. d4 d5 3. Nc3 Bb4 4. e5 c5 5. a3 Bxc3+ 6. bxc3 Ne7 (6... Qa5 $5) (
6... Qc7) 7. Qg4 Qc7 ({
In der modernen Grossmeisterpraxis ist gegenwaertig (2004) die Fortsetzung} 
7... O-O {populaerer.} 8. Bd3 $5 8... f5 (8... Nbc6 9. Qh5 Ng6 10. Nf3 10...
Qc7 $13) 9. exf6 Rxf6 10. Bg5 Rf7) 8. Qxg7 Rg8 9. Qxh7 cxd4 10. Ne2 Nbc6 11. f4
Bd7 12. Qd3 dxc3 13. Nxc3 a6 14. Rb1 Na5 15. h4 Nf5 16. Rh3 O-O-O 17. h5 Rg4 (
17... Nc4 18. Rb4 Bc6 19. Ne2 Bb5 20. a4 Qc5 21. Ba3 Bc6 22. Qc3 Qa7 23. a5 $13
{Hort,V-Nogueiras,J/ Biel 1988/  -  (43)}) 18. Nd1 $5 $146 ({Sehr stark ist} 
18. Qf3 $1 18... Rdg8 19. h6 $16) 18... Ba4 19. Qc3 Qxc3+ 20. Rxc3+ Nc4 21. Nb2
Bc6 22. Nxc4 dxc4 23. Rxc4 23... Kd7 $1 $44 24. Rb3 Bxg2 25. Rd3+ Ke8 26. Rc7 (
26. Rxd8+ Kxd8 27. Be2 27... Rh4 $44) 26... Bxf1 27. Kxf1 Rh4 28. Kg2 Rxd3 29.
cxd3 Rxh5 30. Rxb7 Nh4+ 31. Kf2 (31. Kg1 $5 31... Nf5 $44 {  R h3}) 31... Nf5
32. Kg2 Nh4+ 33. Kf1 Nf5 34. Ke2 34... Rh1 $6 (34... Rh2+ $5 $142 35. Kd1 (35.
Kf3 {Comp Fritz8} 35... Rh3+ 36. Ke4 Rh1 37. Bd2 37... Rh2 $14) 35... Nd4 $44 (
35... Rh1+ {Comp Fritz8} 36. Kd2 36... Nd4 $14)) 35. Be3 {  Bc5} 35... Nxe3 36.
Kxe3 $16 36... Ra1 37. Rb8+ Kd7 38. Rb7+ Ke8 39. Rb3 a5 40. Kd4 a4 41. Rc3 Rf1
({Auf} 41... Kd7 $2 {folgt entscheidend} 42. Kc5 $18) 42. Ke3 (42. Rc4 Rxf4+
43. Kc3 Rf5 44. d4 44... f6 $14) 42... Ra1 43. Kd2 Kd7 44. Kc2 Ra2+ 45. Kc1 (
45. Kb1 Rd2) 45... Ra1+ $2 {Der entscheidende Fehler.} ({Mit} 45... Kd8 $142 {
haette Schwarz Remis halten koennen:} 46. Kb1 Rd2 47. Rc4 Rxd3 48. Rxa4 Rf3 49.
Kb2 49... Kc8 $11) 46. Kb2 Rd1 47. Rc4 Rxd3 48. Rxa4 Rf3 (48... Kc6 49. Ra7 $18
) 49. Rc4 f6 (49... Ke7 50. a4 $18) 50. exf6 Ke8 51. a4 $18 51... Kf7 52. a5
Rd3 53. a6 Rd7 54. Ra4 Ra7 55. Kc3 {und Schwarz gab auf.} (55. Kc3 Kxf6 56. Kd4
$18 {  Kc5-b6}) 1-0